Statistics for Bucharest Airport Destinations

Click here to take the quiz!

General Stats

  • This quiz has been taken 127 times
    (111 since last reset)
  • The average score is 48 of 115

Answer Stats

ContinentCountryAnswer% Correct
AsiaUAEDubai
85%
EuropeItalyRome
78%
North AmericaCanadaToronto
78%
EuropeGreeceAthens
77%
EuropeUKLondon
77%
EuropeGermnayBerlin
75%
EuropeTurkeyIstanbul
75%
EuropeSpainMadrid
75%
EuropeGermanyMunich
74%
EuropeFranceParis
74%
AsiaIsraelTel Aviv
74%
AfricaTunisiaTunis
74%
EuropeGermanyFrankfurt
73%
EuropeSpainBarcelona
72%
EuropeItalyMilan
70%
AsiaQatarDoha
68%
EuropeAustriaVienna
67%
EuropePolandWarsaw
67%
EuropeHungaryBudapest
65%
EuropeGermanyHamburg
65%
EuropePortugalLisbon
65%
EuropeSwedenStockholm
65%
EuropeFinlandHelsinki
64%
EuropeNorwayOslo
64%
EuropeRomaniaCluj
63%
EuropeIrelandDublin
63%
EuropeRomaniaTimisoara
63%
EuropeNetherlandsAmsterdam
62%
AsiaLebanonBeirut
62%
North AmericaCanadaMontreal
62%
EuropeRussiaMoscow
62%
EuropeBulgariaSofia
62%
AsiaJordanAmman
59%
EuropeDenmarkCopenhagen
59%
EuropeRomaniaIasi
59%
EuropeUkraineKiev
59%
EuropeCzech RepublicPrague
59%
EuropeSwitzerlandZurich
58%
EuropeSerbiaBelgrade
57%
EuropeGreeceThessaloniki
57%
EuropeBelgiumBrussels
56%
EuropeMoldovaChisinau
56%
EuropeItalyNaples
56%
EuropeItalyTurin
56%
EuropeCroatiaZagreb
56%
EuropeFranceLyon
52%
EuropeGermanyStuttgart
52%
EuropeItalyPalermo
51%
EuropeSpainValencia
51%
EuropeGermanyCologne
49%
EuropeGermanyDusseldorf
48%
EuropeItalyFlorence
48%
AsiaTurkeyAntalya
47%
EuropeSwitzerlandGeneva
47%
EuropeMaltaMalta
46%
EuropeFranceNice
46%
EuropeUKBirmingham
43%
EuropeGreeceCorfu
42%
EuropeGreeceHeraklion
42%
EuropeSpainMalaga
42%
EuropeUKGlasgow
41%
EuropeGreeceRhodes
41%
EuropeItalyBologna
40%
EuropeItalyBari
38%
EuropeGeorgiaTbilisi
38%
EuropeItalyPisa
37%
EuropeSpainBilbao
35%
EuropeSwedenGothenburg
35%
EuropeCyprusLarnaca
35%
EuropeGreeceSantorini
35%
EuropeSpainAlicante
33%
EuropeFranceBordeaux
33%
EuropeGreeceKos
33%
EuropeSwedenMalmo
33%
EuropeSwitzerlandBasel
32%
EuropeItalyCatania
32%
EuropeUKLiverpool
32%
AfricaEgyptSharm el Sheikh
32%
EuropeRomaniaOradea
30%
EuropeSpainTenerife
28%
EuropeGermanyDortmund
27%
EuropeGreeceMykonos
27%
EuropeRomaniaSatu Mare
27%
EuropeNetherlandsEindhoven
26%
EuropeRomaniaSuceava
25%
EuropeGreeceChania
23%
EuropeGreeceZakynthos
23%
EuropeUKBristol
22%
EuropePolandKatowice
22%
EuropeDenmarkBillund
21%
AsiaTurkeyBodrum
21%
EuropeSpainPalma de Mallorca
20%
EuropeItalyBergamo
19%
EuropeCyprusPaphos
19%
EuropeGermnayHannover
17%
EuropeBelgiumLiege
16%
EuropeItalyTreviso
16%
EuropeItalyLamezia Terme
11%
EuropeGreecePreveza
11%
EuropeGreeceSkiathos
11%
EuropeSpainZaragoza
11%
EuropeItalyPerugia
9%
EuropeGermanyBonn
7%
AsiaIsraelOvda
7%
EuropeNorwaySandefjord
7%
EuropeUKSheffield
7%
EuropeItalyAlghero
6%
EuropeUKDoncaster
6%
EuropeItalyPescara
5%
EuropeFranceBeauvais
2%
EeuropeBelgiumChareloi
1%
EuropeSpainCastellon
0%
AfricaEgyptHurgharda
0%
AsiaUAEMaktoum
0%
EuropeGermanyNurenburg
0%

Score Distribution

Percentile by Number Answered

Percent of People with Each Score

Your Score History

You have not taken this quiz since the last reset